000 00604cam a2200181 a 4500
020 _a0419181008
082 0 0 _a625.8
_bMAR
_cL-37, P-151
100 1 _aMartinček, Gustáv.
_943775
245 1 0 _aDynamics of pavement structures /
_cG. Martinček.
260 _aLondon :
_bSpon,
_c1994.
300 _axxi, 414 p. :
_bill. ;
_c25 cm.
526 _a0
_b0
_c0
_d625_800000000000000_MAR
650 0 _aMCE
_9379
650 0 _aPavements
_xLive loads
_xTesting.
_943776
650 0 _aPavements
_xSubgrades
_xTesting.
_923193
856 4 2 _uhttp://www.loc.gov/catdir/enhancements/fy0651/97123319-d.html
942 _2ddc
_cBK
999 _c547631
_d547631